000 00646nam a2200205 i 4500
001 51207
003 ES-MaACL
005 20230906162322.0
007 t|
008 030811s1910 fr ||||1| fre d
100 1 _aCharles-Brun, J.
_938081
245 1 3 _aLe roman social en France au XIXe siècle /
_cpar Charles-Brun.
260 _aParis :
_bV. Gieurd,
_c1910.
300 _aIII, 361 p. ;
_c23 cm.
490 1 _aEtudes économiques et sociales ;
_v10
650 0 4 _aNovela francesa-
_yS.XIX-
_xHistoria y crítica.
_9136608
830 1 _aEtudes économiques et sociales ;
_v10
_9184131
852 _aES-MaACL
_jG-3050
999 _c51207
_d51207